Weather and climate on planets /

Bibliographic Details
Main Author: Kondratʹev, K. I︠A︡. (Kirill I︠A︡kovlevich)
Other Authors: Hunt, Garry E.
Format: Book
Language:English
Published: Oxford ; New York : Pergamon Press, 1982.
Edition:1st ed.
Subjects:

MARC

Tag First Indicator Second Indicator Subfields
LEADER 00000cam a2200000 a 4500
001 in00000097733
005 20150924085439.0
008 810909s1982 enka b 00110 eng
010 |a  81015684  
020 |a 008026493X :  |c L43.00 (est.) 
035 |a (OCoLC)07811701 
035 |9 AAK9359AM 
039 0 |a 2  |b 3  |c 3  |d 3  |e 3 
040 |a DLC  |c DLC  |d TXA  |d UtOrBLW 
049 |a TXAM  |c [1197334] 
050 0 0 |a QB603 A85  |b  K676 1982 
082 0 |a 551.5/0999  |2 19 
100 1 |a Kondratʹev, K. I︠A︡.  |q (Kirill I︠A︡kovlevich) 
245 1 0 |a Weather and climate on planets /  |c by K.Y. Kondratyev, G.E. Hunt. 
250 |a 1st ed. 
264 1 |a Oxford ;  |a New York :  |b Pergamon Press,  |c 1982. 
300 |a xiii, 755 pages :  |b illustrations ;  |c 26 cm. 
336 |a text  |b txt  |2 rdacontent 
337 |a unmediated  |b n  |2 rdamedia 
338 |a volume  |b nc  |2 rdacarrier 
504 |a Includes bibliographical references and index. 
650 0 |a Planetary meteorology. 
700 1 |a Hunt, Garry E. 
999 |a MARS 
999 f f |s 4307c75d-c1ed-375a-993d-141daf74b85e  |i 7194a4c1-2b70-31ae-b626-dc7f96459f6e  |t 0 
952 f f |p ric  |a Texas A&M University  |b Rellis Campus  |c Joint Library Facility  |d Remote Storage  |t 0  |e QB603 A85 K676 1982  |h Library of Congress classification  |i unmediated -- volume  |m A14806021166 
998 f f |a QB603 A85 K676 1982  |t 0  |l Remote Storage